अग्रिगर्भ / (Record no. 113260)

MARC details
000 -LEADER
fixed length control field 01291nam a22003017a 4500
005 - DATE AND TIME OF LATEST TRANSACTION
control field 20170206104453.0
008 - FIXED-LENGTH DATA ELEMENTS--GENERAL INFORMATION
fixed length control field 170202b xxu||||| |||| 00| 0 hin d
010 ## - LCCN (DPL NO)
LC control number A-611148
020 ## - INTERNATIONAL STANDARD BOOK NUMBER
Terms of availability 115.00
035 ## - SYSTEM CONTROL NUMBER
System control number A-611148
037 ## - SOURCE OF ACQUISITION
Source of stock number/acquisition AW
037 ## - SOURCE OF ACQUISITION
Source of stock number/acquisition Cen Lib/Ret
040 ## - CATALOGING SOURCE
Original cataloging agency DPL
Language of cataloging HN
082 ## - DEWEY DECIMAL CLASSIFICATION NUMBER
Classification number 821
Item number मुखोपा
100 ## - MAIN ENTRY--PERSONAL NAME
Personal name मुखोपाध्याय, सुभाष
9 (RLIN) 9382
245 ## - TITLE STATEMENT
Title अग्रिगर्भ /
Statement of responsibility, etc सुभाष मुखोपाध्याय ; सम्पादक रणजीत साहा
246 ## - VARYING FORM OF TITLE
Title proper/short title Agrigarbh /
Remainder of title by Subhash Mukhopadhyay ; edited by Ranjeet Saaha
260 ## - PUBLICATION, DISTRIBUTION, ETC. (IMPRINT)
Place of publication, distribution, etc नई दिल्ली
Name of publisher, distributor, etc भारतीय ज्ञानपीठ
Date of publication, distribution, etc 1992
270 ## - ADDRESS
Address 18, इंस्टीट्यूशनल एरिया , लोदी रोड
City नई दिल्ली
Postal code 110003
300 ## - PHYSICAL DESCRIPTION
Extent 256पृ.
Dimensions 21सेमी (सजिल्द)
520 ## - SUMMARY, ETC.
Summary, etc AW
650 ## - SUBJECT ADDED ENTRY--TOPICAL TERM
Topical term or geographic name as entry element हिन्दी -- साहित्य
9 (RLIN) 51375
650 ## - SUBJECT ADDED ENTRY--TOPICAL TERM
Topical term or geographic name as entry element हिन्दी -- पद्यकाव्य
9 (RLIN) 51376
650 ## - SUBJECT ADDED ENTRY--TOPICAL TERM
Topical term or geographic name as entry element Hindi -- literature
9 (RLIN) 51377
650 ## - SUBJECT ADDED ENTRY--TOPICAL TERM
Topical term or geographic name as entry element Hindi -- poetry
9 (RLIN) 51378
700 ## - ADDED ENTRY--PERSONAL NAME
Personal name साहा, रणजीत
9 (RLIN) 7558
942 ## - ADDED ENTRY ELEMENTS (KOHA)
Source of classification or shelving scheme Dewey Decimal Classification
Item type Hindi Books
Classification part 821
Call number suffix मुखोपा
Holdings
Withdrawn status Lost status Damaged status Not for loan Home library Current library Date acquired Source of acquisition Cost, normal purchase price Total Checkouts Full call number Barcode Date last seen Copy number Cost, replacement price Koha item type
        Central Library Central Library 11/08/2015 Cen Lib/Ret 115.00   821 मुखोपा A-611148 11/08/2015 1 115.00 Hindi Books

© Delhi Public Library
Hit Counter
free hit counter